Statistics for Manchester City Squad 2016-2017

Click here to take the quiz!

General Stats

  • This quiz has been taken 1,661 times
    (1,310 since last reset)
  • The average score is 20 of 27

Answer Stats

NbrPostNationalityPlayer% Correct
4DFBelgiumVincent Kompany
97%
1GKChileClaudio Bravo
96%
10FWArgentinaSergio Aguero
96%
17MFBelgiumKevin De Bruyne
93%
21MFSpainDavid Silva
92%
42MFIvory CoastYaya Touré
92%
25MFBrazilFernandinho
90%
8MFGermanyIlkay Gundogan
88%
30DFArgentinaNicolas Otamendi
87%
7MFEnglandRaheem Sterling
87%
-CoachSpainPep Guardiola
85%
33FWBrazilGabriel Jesus
84%
11DFSerbiaAleksandar Kolarov
80%
19MFGermanyLeroy Sane
80%
6MFBrazilFernando
79%
5DFArgentinaPablo Zabaleta
79%
13GKArgentinaWilly Caballero
78%
24DFEnglandJohn Stones
77%
3DFFranceBacary Sagna
75%
22DFFranceGaël Clichy
69%
15MFSpainJesus Navas
66%
72FWNigeriaKelechi Iheanacho
61%
9FWSpainNolito
60%
18MFEnglandFabian Delph
59%
75MFSpainAleix Garcia
32%
54GKEnglandAngus Gunn
24%
53DFEnglandTosin Adarabioyo
17%

Score Distribution

Percentile by Number Answered

Percent of People with Each Score

Your Score History

You have not taken this quiz since the last reset